| 000 | 00649nam a2200193 i 4500 | ||
|---|---|---|---|
| 001 | 49232 | ||
| 003 | ES-MaACL | ||
| 005 | 20230906161917.0 | ||
| 007 | t| | ||
| 008 | 030711s1839 sp ||||1| spa d | ||
| 100 | 1 |
_aCorte y Ruano, Manuel de la. _940836 |
|
| 245 | 1 | 3 |
_aEl más solemne mentis a D. Aurelio Fernández o Fernández Guerra / _c[Manuel de la Corte y Ruano]. |
| 260 |
_aCórdoba : _b[s.n.], _c1839 ( _fImp. de Noguer y Manté) |
||
| 300 |
_a19 p. ; _c22 cm. |
||
| 500 | _aFecha en portada 1840. | ||
| 594 | _aAutor tomado del final del texto. | ||
| 600 | 0 | 4 |
_aFernández-Guerra y Orbe, Aureliano. _949837 |
| 852 |
_aES-MaACL _jT-23-F-18 |
||
| 999 |
_c49232 _d49232 |
||